000 00753nam a22002057a 4500
005 20251108165000.0
008 250721s1993 xx 000 0 ara d
082 1 4 _a657.48/عبد
100 1 _aعوض الله، عبد المنعم
245 1 0 _aتحليل و نقد القوائم المالية /
264 1 _aالقاهره :
_bجامعة القاهره - التعليم المفتوح،
_c1993.
300 _a300ص
490 0 _aدراسات بكالوريوس في المعاملات المالية و التجارية
650 1 7 _aالمحاسبة
650 1 7 _aالمحاسبة المالية
700 1 _aحجازي، محمد عبد العزيز
700 1 _aحمدي، محمود عباس
942 _2ddc
_cBK
999 _c19021
_d19021